Jackie Robinson he led the way / (Record no. 5205)
[ view plain ]
| 000 -LEADER | |
|---|---|
| fixed length control field | 01091nam a22003017a 4500 |
| 001 - CONTROL NUMBER | |
| control field | 5205 |
| 003 - CONTROL NUMBER IDENTIFIER | |
| control field | FISKH |
| 005 - DATE AND TIME OF LATEST TRANSACTION | |
| control field | 20250820100713.0 |
| 008 - FIXED-LENGTH DATA ELEMENTS--GENERAL INFORMATION | |
| fixed length control field | 241119b cb ||||| |||| 00| 0 eng d |
| 020 ## - INTERNATIONAL STANDARD BOOK NUMBER | |
| International Standard Book Number | 9780448447216 |
| 040 ## - CATALOGING SOURCE | |
| Original cataloging agency | FISKH |
| Language of cataloging | eng |
| Transcribing agency | FISKH |
| Modifying agency | FISKH |
| 050 ## - LIBRARY OF CONGRESS CALL NUMBER | |
| Classification number | GV865.R6 |
| 082 ## - DEWEY DECIMAL CLASSIFICATION NUMBER | |
| Classification number | 796.357092 |
| 100 ## - MAIN ENTRY--PERSONAL NAME | |
| Personal name | Prince, Jone April |
| Dates associated with a name | (1975-) |
| 245 ## - TITLE STATEMENT | |
| Title | Jackie Robinson he led the way / |
| Statement of responsibility, etc. | by April Jones Prince illustrated by Robert Casilla and with photographs |
| 250 ## - EDITION STATEMENT | |
| Edition statement | First published in 2008 |
| 260 ## - PUBLICATION, DISTRIBUTION, ETC. | |
| Place of publication, distribution, etc. | New York : |
| Name of publisher, distributor, etc. | Penguin, |
| Date of publication, distribution, etc. | 2008. |
| 300 ## - PHYSICAL DESCRIPTION | |
| Extent | 48 page : |
| Other physical details | color illustrations ; |
| Dimensions | 23 cm |
| 505 ## - FORMATTED CONTENTS NOTE | |
| Formatted contents note | N<br/> |
| 520 ## - SUMMARY, ETC. | |
| Summary, etc. | Traces the life of the first black Major League baseball player of the modern era, detailing his childhood, his career as an MVP-award winning baseball player, and a hero of the civil rights movement. |
| 521 8# - TARGET AUDIENCE NOTE | |
| Target audience note | 530<br/><br/> |
| Source | Lexile<br/> |
| 521 8# - TARGET AUDIENCE NOTE | |
| Target audience note | N<br/> |
| Source | Raz-Plus<br/> |
| 650 ## - SUBJECT ADDED ENTRY--TOPICAL TERM | |
| Source of heading or term | BiographyGuided |
| Topical term or geographic name entry element | Black history |
| 650 ## - SUBJECT ADDED ENTRY--TOPICAL TERM | |
| Source of heading or term | Chapter book |
| Topical term or geographic name entry element | Reading level K |
| 700 ## - ADDED ENTRY--PERSONAL NAME | |
| Personal name | Casilla, Robert |
| Dates associated with a name | Illustrator |
| 942 ## - ADDED ENTRY ELEMENTS (KOHA) | |
| Source of classification or shelving scheme | Dewey Decimal Classification |
| Koha item type | Books |
| Suppress in OPAC | No |
| Withdrawn status | Lost status | Source of classification or shelving scheme | Damaged status | Not for loan | Collection | Home library | Current library | Shelving location | Date acquired | Total Checkouts | Full call number | Barcode | Date last seen | Copy number | Price effective from | Koha item type |
|---|---|---|---|---|---|---|---|---|---|---|---|---|---|---|---|---|
| Dewey Decimal Classification | Non-Fiction | Footprints International School Library Network Toul Kork Campus | Footprints International School Library Network Toul Kork Campus | TK Primary Library Room(4th Floor), Bookcase 3&4, Shelves 17-32, Yellow Books | 11/19/2024 | PRI 796.357092 GV865.R6 | FISTK01337 | 11/19/2024 | 1 | 11/19/2024 | Books | |||||
| Dewey Decimal Classification | Non-Fiction | Footprints International School Library Network Toul Tom Poung Campus | Footprints International School Library Network Toul Tom Poung Campus | TTP Primary Yellow Bookshelves | 08/20/2025 | PRI 796.357092 GV865.R6 | FIS03221 | 08/20/2025 | 2 | 08/20/2025 | Books |
